000
00240nam a22001097a 4500
008
160623b xxu||||| |||| 00| 0 eng d
100
_9
693
_a
Pai, A,
245
_a
Soordas
260
_a
Bombay India time
300
_a
Soordas
942
_2
ddc
_c
BK
999
_c
560
_d
560